[Event "chess.com Speed 2021"]
[Site "chess.com INT"]
[Date "2021.11.08"]
[Round "1.11"]
[White "Giri, Anish"]
[Black "Duda, Jan-Krzysztof"]
[Result "1/2-1/2"]
[WhiteTitle "GM"]
[BlackTitle "GM"]
[WhiteElo "2774"]
[BlackElo "2756"]
[WhiteFideId "24116068"]
[BlackFideId "1170546"]
[EventDate "2021.11.08"]
[EventType "k.o."]

1. e4 c5 2. Nf3 g6 3. d4 cxd4 4. Nxd4 Nc6 5. c4 Nf6 6. Nc3 Nxd4 7. Qxd4 d6 8.
Be2 Bg7 9. Be3 O-O 10. Qd3 Be6 11. O-O a6 12. Bd4 Rc8 13. b3 Nd7 14. Bxg7 Kxg7
15. Rac1 Qa5 16. f4 f6 17. Kh1 Rfe8 18. Rc2 Rc7 19. Rfc1 Rec8 20. Nd5 Bxd5 21.
exd5 Qb6 22. Qc3 Nc5 23. Bf3 a5 24. Re2 Qb4 25. Qxb4 axb4 26. Rd1 Kf7 27. Kg1 b6
28. h4 Ra7 29. Kh2 f5 30. g4 Rca8 31. Rdd2 Nd7 32. g5 h5 33. Kg3 Nc5 34. Rc2 Ra5
35. Red2 R8a7 36. Kf2 Ke8 37. Ke3 Kf7 38. Bg2 Ke8 39. Bf3 Kf7 40. Bg2 Ra3 41.
Kf2 Ke8 42. Bf3 Kd7 43. Bg2 Kc7 44. Bf3 Kd7 45. Bg2 Ke8 46. Bf3 Kd7 1/2-1/2

[Event "chess.com Speed 2021"]
[Site "chess.com INT"]
[Date "2021.11.08"]
[Round "1.12"]
[White "Duda, Jan-Krzysztof"]
[Black "Giri, Anish"]
[Result "0-1"]
[WhiteTitle "GM"]
[BlackTitle "GM"]
[WhiteElo "2756"]
[BlackElo "2774"]
[WhiteFideId "1170546"]
[BlackFideId "24116068"]
[EventDate "2021.11.08"]
[EventType "k.o."]

1. d4 Nf6 2. Bg5 e6 3. e4 h6 4. Bxf6 Qxf6 5. c3 c5 6. d5 exd5 7. Qxd5 Na6 8. Bc4
Nc7 9. Qd3 b5 10. Bxb5 Nxb5 11. Qxb5 Ba6 12. Qa4 Rb8 13. Qc2 Qg6 14. Ne2 Qxg2
15. Rg1 Qxh2 16. Nd2 g6 17. Nf1 Qd6 18. Rd1 Qb6 19. b3 Bg7 20. Ne3 O-O 21. Rxd7
Qe6 22. Rxa7 Bb7 23. f3 Qb6 24. Ra4 Bc6 25. Nc4 Qc7 26. Ra3 f5 27. Rxg6 fxe4 28.
fxe4 Rbd8 29. Ra6 Qf7 30. Rxg7+ Kxg7 31. Nd2 Qf2+ 0-1

[Event "chess.com Speed 2021"]
[Site "chess.com INT"]
[Date "2021.11.08"]
[Round "1.13"]
[White "Giri, Anish"]
[Black "Duda, Jan-Krzysztof"]
[Result "1/2-1/2"]
[WhiteTitle "GM"]
[BlackTitle "GM"]
[WhiteElo "2774"]
[BlackElo "2756"]
[WhiteFideId "24116068"]
[BlackFideId "1170546"]
[EventDate "2021.11.08"]
[EventType "k.o."]

1. Nf3 c5 2. c4 Nc6 3. Nc3 Nf6 4. e3 d5 5. cxd5 Nxd5 6. Bb5 e6 7. O-O Be7 8. d4
O-O 9. e4 Nb6 10. dxc5 Bxc5 11. Bxc6 bxc6 12. Qc2 Be7 13. Rd1 Qe8 14. e5 c5 15.
Ne4 Bb7 16. Nfg5 Bxe4 17. Qxe4 Bxg5 18. Bxg5 Nd5 19. Rac1 Rb8 20. b3 Rb4 21. Qe2
Qc6 22. Rc4 h6 23. Bd2 Rxc4 24. Qxc4 Rc8 25. Qg4 Kf8 26. h3 Qa6 27. a4 c4 28.
bxc4 Rxc4 29. Qf3 Qxa4 30. Rb1 Qd7 31. Rb8+ Rc8 32. Qa3+ Kg8 33. Rxc8+ Qxc8 34.
Qxa7 Qc2 35. Qd4 Kh7 36. g3 Qd1+ 37. Kg2 Qe2 38. Be3 Nxe3+ 39. Qxe3 Qxe3 40.
fxe3 Kg6 41. e4 f6 42. exf6 Kxf6 43. Kf3 Ke5 44. Ke3 g6 45. h4 h5 46. Kd3 Kd6
47. Kd4 e5+ 48. Kc4 Kc6 49. Kb4 Kb6 50. Kc4 Kc6 51. Kb4 Kb6 52. Kc4 Kc6 1/2-1/2

[Event "chess.com Speed 2021"]
[Site "chess.com INT"]
[Date "2021.11.08"]
[Round "1.14"]
[White "Duda, Jan-Krzysztof"]
[Black "Giri, Anish"]
[Result "1-0"]
[WhiteTitle "GM"]
[BlackTitle "GM"]
[WhiteElo "2756"]
[BlackElo "2774"]
[WhiteFideId "1170546"]
[BlackFideId "24116068"]
[EventDate "2021.11.08"]
[EventType "k.o."]

1. d4 Nf6 2. Bg5 d5 3. e3 c5 4. Bxf6 gxf6 5. dxc5 e6 6. c4 dxc4 7. Nd2 Bxc5 8.
Bxc4 O-O 9. Rc1 Be7 10. Qh5 Nc6 11. Ngf3 Qa5 12. Qg4+ Kh8 13. O-O Bd7 14. Rfd1
Rad8 15. a3 Rg8 16. Qf4 Qh5 17. Bf1 Bc8 18. Qc4 Qg6 19. g3 f5 20. b4 Qf6 21. b5
Ne5 22. Nxe5 Qxe5 23. Nf3 Qf6 24. a4 Ba3 25. Rb1 Bd6 26. Bg2 e5 27. b6 axb6 28.
Rxb6 Qe7 29. Qc2 f4 30. exf4 exf4 31. Re1 Qf8 32. a5 fxg3 33. hxg3 Rg6 34. Qc3+
Qg7 35. Qxg7+ Kxg7 36. Nh4 Rf6 37. Bxb7 Bxb7 38. Rxb7 Bc5 39. Re2 Rd1+ 40. Kg2
Ra1 41. Rb5 Rc1 42. Ra2 Ra6 43. Nf5+ Kf6 44. Nh4 h5 45. Ra4 Ke6 46. Re4+ Kd5 47.
Rf4 Kc6 48. Rb2 Rxa5 49. Rxf7 Raa1 50. Nf3 Rcb1 51. Re2 Rc1 52. Rf6+ Kb5 53. Rf5
Rab1 54. Rxh5 Rc3 55. Rf5 Kc4 56. Re4+ Kd3 57. Ref4 1-0

[Event "chess.com Speed 2021"]
[Site "chess.com INT"]
[Date "2021.11.08"]
[Round "1.15"]
[White "Giri, Anish"]
[Black "Duda, Jan-Krzysztof"]
[Result "0-1"]
[WhiteTitle "GM"]
[BlackTitle "GM"]
[WhiteElo "2774"]
[BlackElo "2756"]
[WhiteFideId "24116068"]
[BlackFideId "1170546"]
[EventDate "2021.11.08"]
[EventType "k.o."]

1. Nf3 d5 2. g3 g6 3. Bg2 Bg7 4. d4 Nf6 5. O-O O-O 6. c4 c6 7. a4 a5 8. cxd5
cxd5 9. Qb3 Nc6 10. Nc3 Nb4 11. Na2 Nxa2 12. Qxa2 Qb6 13. Bf4 Bf5 14. Rfc1 Rac8
15. Qa3 e6 16. b3 Ne4 17. Qb2 g5 18. Be3 f6 19. Nd2 Nd6 20. Rxc8 Rxc8 21. Rc1
Bf8 22. Rc5 Qb4 23. Rxc8 Nxc8 24. Nf3 Na7 25. Bd2 Qb6 26. Bc3 Qc7 27. Qd2 Nc6
28. e3 Nb4 29. Ne1 b6 30. Bf1 Na2 31. Bxa5 bxa5 32. Qxa2 Qc3 33. Nf3 Bc2 34. h4
g4 35. Ne1 Bxb3 36. Qe2 h5 37. Qb5 Qb4 38. Qd7 Qxe1 39. Qxe6+ Kg7 40. Qd7+ Kh6
41. Qf7 Bg7 42. Kg2 Bd1 0-1

[Event "chess.com Speed 2021"]
[Site "chess.com INT"]
[Date "2021.11.08"]
[Round "1.17"]
[White "Giri, Anish"]
[Black "Duda, Jan-Krzysztof"]
[Result "0-1"]
[WhiteTitle "GM"]
[BlackTitle "GM"]
[WhiteElo "2774"]
[BlackElo "2756"]
[WhiteFideId "24116068"]
[BlackFideId "1170546"]
[EventDate "2021.11.08"]
[EventType "k.o."]

1. e4 c6 2. d4 d5 3. e5 Bf5 4. h4 h5 5. Bd3 Bxd3 6. Qxd3 Qa5+ 7. Nd2 e6 8. Nf3
Nh6 9. O-O Nf5 10. Nb3 Qa6 11. Qd1 Nd7 12. Bg5 Rc8 13. Re1 c5 14. c3 Qa4 15. Qd2
b6 16. g3 Nb8 17. dxc5 bxc5 18. Nc1 Nc6 19. Nd3 c4 20. Nf4 Be7 21. Kg2 a5 22.
Bxe7 Ncxe7 23. Ng5 Qc6 24. Kh2 a4 25. Rad1 Rb8 26. Qe2 g6 27. Rd2 Kf8 28. Nf3
Kg7 29. Nh3 a3 30. bxa3 Qc5 31. Nfg5 Qxa3 32. Rc2 Rb6 33. Nf4 Rhb8 34. Nxh5+
gxh5 35. Qxh5 Nh6 36. Nf3 Rb2 37. Qg5+ Kh7 38. Ree2 Rxc2 39. Rxc2 Nef5 40. Kg2
Rb2 41. Qc1 Rxa2 42. Ng5+ Kg7 43. Qb1 Rxc2 44. Qxc2 d4 45. cxd4 Qxg3+ 0-1

[Event "chess.com Speed 2021"]
[Site "chess.com INT"]
[Date "2021.11.08"]
[Round "1.18"]
[White "Duda, Jan-Krzysztof"]
[Black "Giri, Anish"]
[Result "0-1"]
[WhiteTitle "GM"]
[BlackTitle "GM"]
[WhiteElo "2756"]
[BlackElo "2774"]
[WhiteFideId "1170546"]
[BlackFideId "24116068"]
[EventDate "2021.11.08"]
[EventType "k.o."]

1. d4 Nf6 2. c4 g6 3. g3 c6 4. Bg2 d5 5. e3 Bg7 6. Ne2 O-O 7. O-O Re8 8. b3 Bf5
9. Bb2 Nbd7 10. Nd2 h5 11. Nf4 e6 12. h3 a5 13. a4 Qb6 14. Rc1 Rad8 15. Kh2 Bf8
16. Bf3 Bb4 17. cxd5 exd5 18. Bc3 Bxc3 19. Rxc3 Qb4 20. Qc1 Kg7 21. Kg2 Re7 22.
Be2 Ne4 23. Nxe4 Bxe4+ 24. f3 Bf5 25. g4 hxg4 26. hxg4 Be6 27. Rh1 Ree8 28. Nd3
Qe7 29. Qd2 Rh8 30. Rcc1 Ra8 31. Rcg1 f5 32. gxf5 Bxf5 33. Kf2 Rh4 34. Qe1 Rah8
35. Rxh4 Qxh4+ 36. Rg3 Qh2+ 37. Rg2 Qh4+ 38. Rg3 Rh5 39. Qg1 Nf6 40. Nf4 Rg5 41.
Qg2 b6 42. Bd1 c5 43. dxc5 bxc5 44. Be2 d4 45. e4 Bxe4 46. fxe4 Rxg3 0-1

[Event "chess.com Speed 2021"]
[Site "chess.com INT"]
[Date "2021.11.08"]
[Round "1.21"]
[White "Giri, Anish"]
[Black "Duda, Jan-Krzysztof"]
[Result "0-1"]
[WhiteTitle "GM"]
[BlackTitle "GM"]
[WhiteElo "2774"]
[BlackElo "2756"]
[WhiteFideId "24116068"]
[BlackFideId "1170546"]
[EventDate "2021.11.08"]
[EventType "k.o."]

1. e4 c6 2. d4 d5 3. e5 Bf5 4. h4 h5 5. Bd3 Bxd3 6. Qxd3 Qa5+ 7. Nd2 e6 8. Nf3
Nh6 9. O-O Nf5 10. Nb3 Qa6 11. Qd1 Nd7 12. Bg5 Rc8 13. c3 c5 14. Re1 Qa4 15. Qe2
b6 16. Rac1 Qc4 17. Qd1 Qa4 18. Qe2 Qc4 19. Qc2 cxd4 20. Nbxd4 Nxd4 21. Nxd4 Nc5
22. Re3 Ne4 23. b3 Qa6 24. Rxe4 dxe4 25. Qxe4 Ba3 26. Rc2 O-O 27. c4 Rc7 28. Qf3
Rd7 29. Nb5 Rc8 30. Qxh5 Qa5 31. Bf4 Qe1+ 32. Kh2 Qe4 0-1

[Event "chess.com Speed 2021"]
[Site "chess.com INT"]
[Date "2021.11.08"]
[Round "1.22"]
[White "Duda, Jan-Krzysztof"]
[Black "Giri, Anish"]
[Result "0-1"]
[WhiteTitle "GM"]
[BlackTitle "GM"]
[WhiteElo "2756"]
[BlackElo "2774"]
[WhiteFideId "1170546"]
[BlackFideId "24116068"]
[EventDate "2021.11.08"]
[EventType "k.o."]

1. d4 Nf6 2. Nf3 g6 3. Nc3 d5 4. Bf4 Bg7 5. Nb5 Na6 6. e3 O-O 7. a4 Nh5 8. Bg5
h6 9. Bh4 c6 10. Na3 Nc7 11. Be2 g5 12. Nd2 gxh4 13. Bxh5 e5 14. c3 f5 15. dxe5
f4 16. exf4 Rxf4 17. g3 Rf8 18. Qe2 hxg3 19. hxg3 Qg5 20. Nf3 Qf5 21. Nc2 Ne6
22. Ne3 Qh7 23. Nh4 Qe4 24. Bf3 Qh7 25. Bh5 Qe4 26. Neg2 Nc5 27. f4 Nd3+ 28. Kd2
Nxb2 29. Qxe4 dxe4 30. Ne3 Be6 31. Rab1 Rad8+ 32. Kc2 Nxa4 33. Rxb7 Rd3 34. Nhg2
Rfd8 35. Rd1 Rxc3+ 36. Kb1 Rxd1+ 37. Bxd1 Nc5 38. Rxa7 Nd3 39. Bc2 Rc5 40. f5
Rb5+ 41. Bb3 Rxb3+ 42. Kc2 Rb2+ 0-1

[Event "chess.com Speed 2021"]
[Site "chess.com INT"]
[Date "2021.11.08"]
[Round "1.23"]
[White "Giri, Anish"]
[Black "Duda, Jan-Krzysztof"]
[Result "1-0"]
[WhiteTitle "GM"]
[BlackTitle "GM"]
[WhiteElo "2774"]
[BlackElo "2756"]
[WhiteFideId "24116068"]
[BlackFideId "1170546"]
[EventDate "2021.11.08"]
[EventType "k.o."]

1. e4 c6 2. d4 d5 3. exd5 cxd5 4. Bd3 Nc6 5. c3 Nf6 6. h3 e6 7. Nf3 Bd6 8. O-O
Qc7 9. Re1 Bd7 10. Qe2 O-O-O 11. Ne5 Be8 12. Nd2 Nd7 13. Ndf3 Nb6 14. b3 Kb8 15.
Bd2 Ka8 16. Rac1 Nxe5 17. dxe5 Ba3 18. Rc2 Bc6 19. Nd4 Nd7 20. Bb5 Bc5 21. Nxc6
bxc6 22. Bd3 f6 23. b4 Bb6 24. exf6 gxf6 25. c4 dxc4 26. Bxc4 Ne5 27. Bf4 Rd6
28. Bxe5 fxe5 29. Qxe5 Rhd8 30. Bxe6 Rd1 31. Re2 Rxe1+ 32. Rxe1 Qxe5 33. Rxe5
Rd1+ 34. Kh2 Bc7 35. f4 Bxe5 36. fxe5 Re1 37. Bf5 h6 38. e6 Kb7 39. Kg3 Kc7 40.
Kh4 Kd6 41. Kh5 Ke5 42. g4 Kf6 43. h4 Kg7 44. g5 hxg5 45. Kxg5 Rg1+ 46. Bg4 Rb1
47. h5 Rxb4 48. h6+ Kh8 49. e7 Re4 50. Kf6 c5 51. Be6 1-0

[Event "chess.com Speed 2021"]
[Site "chess.com INT"]
[Date "2021.11.08"]
[Round "1.24"]
[White "Duda, Jan-Krzysztof"]
[Black "Giri, Anish"]
[Result "1-0"]
[WhiteTitle "GM"]
[BlackTitle "GM"]
[WhiteElo "2756"]
[BlackElo "2774"]
[WhiteFideId "1170546"]
[BlackFideId "24116068"]
[EventDate "2021.11.08"]
[EventType "k.o."]

1. d4 Nf6 2. c4 g6 3. f3 c5 4. d5 d6 5. e4 Bg7 6. Ne2 O-O 7. Nbc3 e6 8. Ng3 exd5
9. cxd5 a6 10. a4 Nbd7 11. Be2 Ne8 12. h4 Rb8 13. h5 b5 14. axb5 axb5 15. Nxb5
Ne5 16. Nc3 f5 17. hxg6 hxg6 18. exf5 Bxf5 19. Nxf5 gxf5 20. f4 Ng6 21. Bd3
Bxc3+ 22. bxc3 Qf6 23. Bd2 Rb7 24. Ra8 c4 25. Bc2 Re7+ 26. Kf1 Ng7 27. Rxf8+
Nxf8 28. g4 Nd7 29. g5 Qf7 30. Qf3 Nf8 31. Be3 Qe8 32. Bd4 Re1+ 33. Kf2 Rxh1 34.
Qxh1 Ng6 35. Bxg7 Kxg7 36. Qh6+ Kg8 37. Bxf5 Nxf4 38. Be6+ Nxe6 39. Qxe6+ Qxe6
40. dxe6 Kg7 41. Ke3 1-0

[Event "chess.com Speed 2021"]
[Site "chess.com INT"]
[Date "2021.11.08"]
[Round "1.25"]
[White "Giri, Anish"]
[Black "Duda, Jan-Krzysztof"]
[Result "1/2-1/2"]
[WhiteTitle "GM"]
[BlackTitle "GM"]
[WhiteElo "2774"]
[BlackElo "2756"]
[WhiteFideId "24116068"]
[BlackFideId "1170546"]
[EventDate "2021.11.08"]
[EventType "k.o."]

1. e4 c6 2. d4 d5 3. exd5 cxd5 4. Bd3 Nc6 5. c3 Qc7 6. Na3 e6 7. Nf3 Nf6 8. O-O
a6 9. Re1 Bd6 10. Nc2 O-O 11. Bg5 Nh5 12. Ne5 g6 13. Bh6 Nxe5 14. Bxf8 Kxf8 15.
dxe5 Bxe5 16. g3 Bd7 17. Qe2 Bd6 18. Rad1 b5 19. Ne3 Nf6 20. Ng4 Nxg4 21. Qxg4
Qb6 22. h4 h5 23. Qf3 Kg7 24. Bc2 Rc8 25. Bb3 a5 26. a3 Rc5 27. Qe3 Qc7 28. Qd4+
Kg8 29. Qd3 Be5 30. Qe3 Bf6 31. Rd3 Kg7 32. Qd2 Bc8 33. Rf3 Qd8 34. Rfe3 Bb7 35.
Bd1 Qd6 36. Bf3 Rc7 37. Bg2 Bc6 38. Rf3 Qe7 39. Rfe3 Rb7 40. Rd1 Qc5 41. Rf3 Qe7
42. Re3 Kg8 43. Rde1 Qc5 44. Rf3 Bg7 45. Qg5 Qe7 46. Qd2 Qc5 47. Qg5 Qe7 48. Qd2
Qc5 1/2-1/2

[Event "chess.com Speed 2021"]
[Site "chess.com INT"]
[Date "2021.11.08"]
[Round "1.26"]
[White "Duda, Jan-Krzysztof"]
[Black "Giri, Anish"]
[Result "0-1"]
[WhiteTitle "GM"]
[BlackTitle "GM"]
[WhiteElo "2756"]
[BlackElo "2774"]
[WhiteFideId "1170546"]
[BlackFideId "24116068"]
[EventDate "2021.11.08"]
[EventType "k.o."]

1. d4 Nf6 2. c4 g6 3. f3 c5 4. d5 d6 5. e4 Bg7 6. Nc3 e6 7. Be3 O-O 8. Qd2 exd5
9. cxd5 a6 10. a4 Re8 11. Nge2 Nbd7 12. Ng3 Rb8 13. Be2 Ne5 14. O-O Bd7 15. h3
b5 16. f4 Nc4 17. Bxc4 bxc4 18. e5 dxe5 19. fxe5 Rxe5 20. Bf4 Ne8 21. Bxe5 Bxe5
22. Nge4 Nd6 23. Nxc5 Qb6 24. Qf2 Bf5 25. Rae1 Bg7 26. g4 Qxb2 27. Qxb2 Rxb2 28.
Nd1 Bd4+ 29. Kh1 Rd2 30. gxf5 Bxc5 31. f6 h5 32. Rf3 h4 33. Nc3 Bb4 34. Rb1 a5
35. Rg1 Kh7 36. Rg4 g5 37. Rxg5 Bxc3 38. Rxc3 Ne4 39. Rg7+ Kh6 40. Rxc4 Nf2+ 41.
Kg2 Ng4+ 42. Kh1 Rd1+ 43. Kg2 Ne3+ 44. Kf2 Nxc4 45. Rg4 Ne5 46. Rxh4+ Kg5 47.
Rh8 Rxd5 48. Ke3 Kxf6 49. Ke4 Rc5 50. Ra8 Rc4+ 51. Kd5 Rxa4 0-1

[Event "chess.com Speed 2021"]
[Site "chess.com INT"]
[Date "2021.11.08"]
[Round "1.27"]
[White "Giri, Anish"]
[Black "Duda, Jan-Krzysztof"]
[Result "1/2-1/2"]
[WhiteTitle "GM"]
[BlackTitle "GM"]
[WhiteElo "2774"]
[BlackElo "2756"]
[WhiteFideId "24116068"]
[BlackFideId "1170546"]
[EventDate "2021.11.08"]
[EventType "k.o."]

1. e4 c6 2. d4 d5 3. exd5 cxd5 4. Bd3 Nc6 5. c3 Qc7 6. Na3 a6 7. Nf3 Bg4 8. O-O
e6 9. Nc2 Bd6 10. h3 Bh5 11. Re1 Nge7 12. Ne3 h6 13. a4 O-O 14. Ng4 f5 15. Ne3
Rf6 16. b4 Ng6 17. g4 fxg4 18. Nxg4 Bxg4 19. hxg4 Nf4 20. g5 Nh3+ 21. Kg2 hxg5
22. Kxh3 g4+ 23. Kxg4 Raf8 24. Ng5 Rxf2 25. Rg1 e5 26. Bh7+ Kh8 27. Bf5 R8xf5
28. Rh1+ Kg8 29. Rh8+ Kxh8 30. Qh1+ Kg8 31. Qh7+ Kf8 32. Ne6+ Kf7 33. Nxc7 Rg2+
34. Kh3 Rff2 35. Qh5+ Kg8 36. Bf4 exf4 37. Qxd5+ Kh7 38. Qh5+ Kg8 39. Qd5+ Kh7
40. Qh5+ Kg8 41. Qd5+ 1/2-1/2

[Event "chess.com Speed 2021"]
[Site "chess.com INT"]
[Date "2021.11.08"]
[Round "1.28"]
[White "Duda, Jan-Krzysztof"]
[Black "Giri, Anish"]
[Result "1-0"]
[WhiteTitle "GM"]
[BlackTitle "GM"]
[WhiteElo "2756"]
[BlackElo "2774"]
[WhiteFideId "1170546"]
[BlackFideId "24116068"]
[EventDate "2021.11.08"]
[EventType "k.o."]

1. e4 c5 2. Nf3 d6 3. d4 cxd4 4. Nxd4 Nf6 5. Nc3 a6 6. h3 e5 7. Nde2 h5 8. Bg5
Be6 9. Bxf6 Qxf6 10. Nd5 Qd8 11. Qd3 Nd7 12. O-O-O g6 13. Kb1 Nc5 14. Qa3 Bg7
15. h4 b5 16. Nec3 O-O 17. f3 f5 18. b4 Nd7 19. Be2 Kh7 20. g4 fxg4 21. fxg4
hxg4 22. h5 g5 23. h6 Bh8 24. Ne3 Nb6 25. Ncd5 Rf4 26. Nxf4 exf4 27. e5 Bxe5 28.
Nxg4 Bxg4 29. Bxg4 a5 30. Qd3+ Kh8 31. Be6 Na4 32. Qg6 Nc3+ 33. Kc1 Qb6 34. Rd3
Nxa2+ 35. Bxa2 axb4 36. h7 b3 37. Rxb3 Bg7 38. Ra3 Rc8 39. Qe6 Rxc2+ 40. Kxc2
Qf2+ 41. Kd1 Qd4+ 42. Ke2 Qb2+ 43. Kf3 Qxa3+ 44. Bb3 Qa8+ 45. Qd5 1-0

[Event "chess.com Speed 2021"]
[Site "chess.com INT"]
[Date "2021.11.08"]
[Round "1.29"]
[White "Giri, Anish"]
[Black "Duda, Jan-Krzysztof"]
[Result "1/2-1/2"]
[WhiteTitle "GM"]
[BlackTitle "GM"]
[WhiteElo "2774"]
[BlackElo "2756"]
[WhiteFideId "24116068"]
[BlackFideId "1170546"]
[EventDate "2021.11.08"]
[EventType "k.o."]

1. e4 e6 2. d4 d5 3. Nd2 c5 4. Ngf3 Qa5 5. exd5 exd5 6. dxc5 Bxc5 7. Bd3 Qc7 8.
O-O Ne7 9. Nb3 Bd6 10. Nbd4 a6 11. Bg5 O-O 12. Bh4 Nbc6 13. Bg3 h6 14. c3 Bg4
15. Qd2 Bxf3 16. Nxf3 Bxg3 17. hxg3 Rad8 18. Rfe1 Qd6 19. Rad1 Qf6 20. Qf4 Rd6
21. Nd4 Rfd8 22. Re3 Kf8 23. Qxf6 Rxf6 24. Bb1 Nxd4 25. Rxd4 Nc6 26. Rd2 d4 27.
cxd4 Rxd4 28. Rxd4 Nxd4 29. Rd3 Rd6 30. f4 Ke7 31. Kf2 a5 32. a3 b6 33. Rd2 Nb3
34. Rxd6 Kxd6 35. Ke3 Nc5 36. Ba2 f6 37. Kd4 Na6 38. Ke4 Nc7 39. Kf5 Ke7 40. Kg6
Kf8 41. Kf5 Ke7 42. Kg6 Kf8 43. Kf5 Ke7 1/2-1/2

[Event "chess.com Speed 2021"]
[Site "chess.com INT"]
[Date "2021.11.08"]
[Round "1.31"]
[White "Duda, Jan-Krzysztof"]
[Black "Giri, Anish"]
[Result "1-0"]
[WhiteTitle "GM"]
[BlackTitle "GM"]
[WhiteElo "2756"]
[BlackElo "2774"]
[WhiteFideId "1170546"]
[BlackFideId "24116068"]
[EventDate "2021.11.08"]
[EventType "k.o."]

1. d4 Nf6 2. c4 g6 3. Nc3 d5 4. cxd5 Nxd5 5. e4 Nxc3 6. bxc3 Bg7 7. Nf3 c5 8.
Be3 Qa5 9. Nd2 O-O 10. Rc1 cxd4 11. cxd4 Nc6 12. d5 Nd4 13. Bc4 b5 14. Bb3 Nxb3
15. Qxb3 e6 16. O-O exd5 17. exd5 Bf5 18. d6 Be6 19. Qd3 Rfd8 20. Bg5 Rd7 21.
Ne4 Bf5 22. Qd5 Bxe4 23. Qxe4 Rb8 24. Qc6 Rbb7 25. Qxb7 Rxb7 26. Rc8+ 1-0

[Event "chess.com Speed 2021"]
[Site "chess.com INT"]
[Date "2021.11.08"]
[Round "1.32"]
[White "Giri, Anish"]
[Black "Duda, Jan-Krzysztof"]
[Result "1-0"]
[WhiteTitle "GM"]
[BlackTitle "GM"]
[WhiteElo "2774"]
[BlackElo "2756"]
[WhiteFideId "24116068"]
[BlackFideId "1170546"]
[EventDate "2021.11.08"]
[EventType "k.o."]

1. e4 e6 2. d4 d5 3. Nd2 c5 4. Ngf3 cxd4 5. Nxd4 Nc6 6. Bb5 Bd7 7. Nxc6 bxc6 8.
Bd3 Qc7 9. Qe2 Ne7 10. O-O Ng6 11. Nf3 Bd6 12. c4 dxc4 13. Bxc4 O-O 14. Rd1 Rfd8
15. Bg5 Be7 16. Be3 c5 17. Bb5 Bxb5 18. Qxb5 Rab8 19. Rxd8+ Qxd8 20. Qe2 Bf6 21.
Rd1 Qa5 22. b3 h6 23. g3 Ne5 24. Nxe5 Bxe5 25. Qc2 Rc8 26. Rc1 Bf6 27. Bxc5 Bg5
28. b4 Qb5 29. Rb1 Rd8 30. a4 Qc6 31. h4 Be7 32. Rc1 Bxc5 33. bxc5 a5 34. Qc4
Rb8 35. Qd3 Rb4 36. Qd8+ Kh7 37. Qxa5 Rxa4 38. Qd2 Rxe4 39. Qd3 f5 40. Qc2 Re5
41. Qc3 Rd5 42. Qc2 Kg6 43. Qc3 Kh7 44. Qf3 Qc7 45. c6 Kg6 46. h5+ Kf7 47. Kg2
Rd8 48. Rb1 Rb8 49. Rb7 Rxb7 50. cxb7 Ke7 51. Qb3 Qb8 52. Qb2 e5 53. Qb6 Kd7 54.
Kh2 f4 55. gxf4 exf4 56. f3 Ke7 57. Kh3 Kf7 58. Qc6 Qd8 59. Qc8 Qg5 60. Qd7+ 1-0

[Event "chess.com Speed 2021"]
[Site "chess.com INT"]
[Date "2021.11.08"]
[Round "1.33"]
[White "Duda, Jan-Krzysztof"]
[Black "Giri, Anish"]
[Result "0-1"]
[WhiteTitle "GM"]
[BlackTitle "GM"]
[WhiteElo "2756"]
[BlackElo "2774"]
[WhiteFideId "1170546"]
[BlackFideId "24116068"]
[EventDate "2021.11.08"]
[EventType "k.o."]

1. d4 d5 2. Nf3 Nf6 3. Bf4 e6 4. e3 Bd6 5. Nbd2 O-O 6. c3 b6 7. h4 Ba6 8. Bxa6
Nxa6 9. h5 h6 10. Ne5 Nb8 11. g4 Nh7 12. Ndf3 Nd7 13. Qa4 Bxe5 14. Bxe5 a6 15.
Qc6 Ra7 16. Bf4 Nb8 17. Qa4 Qe8 18. Qc2 f6 19. O-O-O Nd7 20. e4 dxe4 21. Qxe4 f5
22. gxf5 Rxf5 23. Ne5 Nhf6 24. Qc2 Rxf4 25. Ng6 Rf5 26. Rde1 Ra5 27. b4 Rd5 28.
Nf4 Rd6 29. Rhg1 Qf7 30. Rg2 Nh7 31. Ng6 c5 32. bxc5 bxc5 33. Reg1 Ng5 34. f4
cxd4 35. fxg5 Rc7 36. Rg3 Rdc6 37. Kb1 Rxc3 38. Rxc3 Rxc3 39. Qg2 Qe8 40. gxh6
Nc5 41. h7+ Kxh7 42. h6 Qb5+ 43. Ka1 Nb3+ 44. axb3 Qa5+ 45. Kb2 Qb4 46. Nf8+
Qxf8 47. Qe4+ Qf5 48. Rg6 Qxe4 0-1

[Event "chess.com Speed 2021"]
[Site "chess.com INT"]
[Date "2021.11.08"]
[Round "1.34"]
[White "Giri, Anish"]
[Black "Duda, Jan-Krzysztof"]
[Result "1-0"]
[WhiteTitle "GM"]
[BlackTitle "GM"]
[WhiteElo "2774"]
[BlackElo "2756"]
[WhiteFideId "24116068"]
[BlackFideId "1170546"]
[EventDate "2021.11.08"]
[EventType "k.o."]

1. e4 e6 2. d4 d5 3. Nd2 Nc6 4. Ngf3 Nf6 5. e5 Nd7 6. Nb3 f6 7. Bb5 fxe5 8. dxe5
Qe7 9. O-O Nb6 10. Bg5 Qd7 11. Nfd4 a6 12. Bxc6 bxc6 13. Qh5+ g6 14. Qh4 c5 15.
Bf6 Rg8 16. Nf3 c4 17. Nbd2 c5 18. Rad1 h6 19. Ne4 g5 20. Qg4 Qf7 21. Ng3 Kd7
22. b3 Kc6 23. bxc4 Nxc4 24. Nd2 h5 25. Nxh5 Nxd2 26. Rxd2 c4 27. Rb1 Bc5 28. c3
a5 29. Rdb2 Ba6 30. Qd1 Kc7 31. Qa4 Bc8 32. Qb5 Ba3 33. Qb6+ Kd7 34. Ng3 Ra6 35.
Qb5+ Kc7 36. Qb8+ 1-0

[Event "chess.com Speed 2021"]
[Site "chess.com INT"]
[Date "2021.11.08"]
[Round "1.35"]
[White "Duda, Jan-Krzysztof"]
[Black "Giri, Anish"]
[Result "0-1"]
[WhiteTitle "GM"]
[BlackTitle "GM"]
[WhiteElo "2756"]
[BlackElo "2774"]
[WhiteFideId "1170546"]
[BlackFideId "24116068"]
[EventDate "2021.11.08"]
[EventType "k.o."]

1. d4 Nf6 2. c4 e6 3. Nf3 d5 4. Nc3 c6 5. Bg5 h6 6. Bh4 Nbd7 7. e3 Be7 8. Qc2
O-O 9. O-O-O a6 10. Kb1 dxc4 11. Bxc4 b5 12. Bd3 c5 13. dxc5 Bb7 14. Ne5 Nxe5
15. Bxf6 Nxd3 16. Rxd3 Qc7 17. Bxe7 Qxe7 18. Rd6 b4 19. Ne2 Rac8 20. Rhd1 Bxg2
21. Nd4 a5 22. f3 Bh3 23. e4 Qf6 24. c6 Qf4 25. Qc5 e5 26. Nb5 Qxf3 27. Qxe5
Rxc6 28. R6d2 Re6 29. Qd5 Qxe4+ 30. Qxe4 Rxe4 31. Nd6 Rf4 32. b3 g5 33. Kb2 Kg7
34. Nc4 a4 35. Nb6 a3+ 36. Ka1 Be6 37. Rc2 Re8 0-1

[Event "chess.com Speed 2021"]
[Site "chess.com INT"]
[Date "2021.11.08"]
[Round "1.36"]
[White "Giri, Anish"]
[Black "Duda, Jan-Krzysztof"]
[Result "1-0"]
[WhiteTitle "GM"]
[BlackTitle "GM"]
[WhiteElo "2774"]
[BlackElo "2756"]
[WhiteFideId "24116068"]
[BlackFideId "1170546"]
[EventDate "2021.11.08"]
[EventType "k.o."]

1. e4 c5 2. Nf3 e6 3. c3 d5 4. exd5 Qxd5 5. d4 Nf6 6. Be3 cxd4 7. cxd4 Be7 8.
Nc3 Qd6 9. Bd3 O-O 10. O-O Nc6 11. Rc1 b6 12. a3 Bb7 13. h3 Rfd8 14. Qe2 Rac8
15. Rfd1 h6 16. Rc2 Qb8 17. Qd2 Na5 18. Ne5 Nb3 19. Qe2 Bd6 20. Ng4 Nxg4 21.
Qxg4 Bf8 22. d5 exd5 23. Bxh6 Qe5 24. Bf4 Qe7 25. Bg5 Qd7 26. Bf5 Qe8 27. Bxd8
Rxd8 28. Re2 Qc6 29. Qf3 g6 30. Bb1 1-0